| 000 | 00751 a2200205 4500 | ||
|---|---|---|---|
| 999 |
_c8314 _d8314 |
||
| 020 | _a9781412982481 (pbk.) | ||
| 050 | 0 | 0 | _aQ 180.55 REP 2012 |
| 100 |
_aRepko, Allen F _eauthor |
||
| 245 | 0 | 0 |
_aCase studies in interdisciplinary research / _c[edited by] Allen F. Repko, William H. Newell, Rick Szostak. |
| 264 |
_aLondon : _bSage _c2012 |
||
| 300 |
_axxxiii, 330 p. : _bill. ; |
||
| 500 | _aIncludes bibliographical references and indexes. | ||
| 504 | _aIncludes bibliographical references and indexes. | ||
| 650 | 0 | _aInterdisciplinary research | |
| 700 | 1 | _aRepko, Allen F. | |
| 700 | 1 | _aNewell, William H. | |
| 700 | 1 |
_aSzostak, Rick, _d1959- |
|
| 942 |
_2lcc _cBK _h180.55 _iREP _kQ |
||